[Event "DEM U10/U10w 2014"]
[Site "Magdeburg GER"]
[Date "2014.06.14"]
[Round "11"]
[White "Ewerhardy, Moritz"]
[Black "Eschner, Fabian"]
[Result "1/2-1/2"]
[Termination "normal"]
[Board "34"]
[WhiteElo "1190"]
[BlackElo "1018"]
[PlyCount "41"]
[WhiteFideId "36052086"]
[BlackFideId "16232860"]
[EventCountry "GER"]
[EventRounds "11"]
[EventType "swiss"]
[EventDate "2014.06.07"]

1. e4 c5 2. Nf3 Nc6 3. d4 cxd4 4. Nxd4 g6 5. c4 Bg7 6. Be3 Nf6 7. Nc3 a6 8. Be2
O-O 9. O-O d6 10. Qc2 Nxd4 11. Bxd4 Bd7 12. Be3 Re8 13. b4 Qc7 14. Rac1 Rac8
15. f3 b6 16. Qd1 Qb7 17. Qb3 Be6 18. Na4 b5 19. Nb2 Nd7 20. Rb1 Nb6 21. Rfc1
1/2-1/2

[Event "DEM U10/U10w 2014"]
[Site "Magdeburg GER"]
[Date "2014.06.14"]
[Round "11"]
[White "Mailitis, Ricardo"]
[Black "Memtimin, Esma"]
[Result "0-1"]
[Termination "normal"]
[Board "35"]
[WhiteElo "1205"]
[BlackElo "1002"]
[PlyCount "146"]
[WhiteFideId "12977535"]
[BlackFideId "12993514"]
[EventCountry "GER"]
[EventRounds "11"]
[EventType "swiss"]
[EventDate "2014.06.07"]

1. b3 e6 2. Bb2 d5 3. d3 Nf6 4. Nf3 Nc6 5. Nbd2 Bd6 6. e3 e5 7. c4 dxc4 8. Nxc4
Bg4 9. Be2 Qe7 10. O-O O-O-O 11. h3 Bxf3 12. Bxf3 e4 13. dxe4 Bh2+ 14. Kxh2
Rxd1 15. Raxd1 Rd8 16. Rxd8+ Nxd8 17. Rd1 Nxe4 18. Bxe4 Qxe4 19. Bxg7 Qc2 20.
Rd2 Qg6 21. Bd4 Nc6 22. Ne5 Qd6 23. f4 Nxd4 24. Rxd4 Qc5 25. Nxf7 b6 26. Nd6+
Kb8 27. Nc4 Kb7 28. b4 Qe7 29. f5 b5 30. Na5+ Ka6 31. Rg4 Qe5+ 32. Kh1 Qxf5 33.
Rh4 Qg5 34. Re4 Qd5 35. Rh4 Qd1+ 36. Kh2 Qd6+ 37. Rf4 c5 38. bxc5 Qxc5 39. Nb3
Qxe3 40. Rf6+ Kb7 41. Rf7+ Kc6 42. Rf6+ Kd5 43. Rf5+ Ke6 44. Rf8 Ke7 45. Rf5
Qd3 46. Rg5 h6 47. Rg7+ Kf8 48. Rb7 Qd6+ 49. g3 h5 50. Rxb5 Ke8 51. Rxh5 Qa3
52. Ra5 Qb2+ 53. Kg1 Qb1+ 54. Kf2 Qc2+ 55. Kf3 Qc6+ 56. Kg4 Qe4+ 57. Kh5 Qf3+
58. Kh4 Qf6+ 59. Kg4 a6 60. h4 Qe6+ 61. Rf5 Qe2+ 62. Kh3 Qxa2 63. Nc5 Ke7 64.
Rh5 a5 65. Rh6 Qd5 66. Re6+ Kf7 67. Re4 Qxc5 68. Rf4+ Kg6 69. Rg4+ Kf6 70. Rf4+
Ke6 71. Rg4 Qc1 72. Rg6+ Kf7 73. Ra6 Qf1+ 0-1

[Event "DEM U10/U10w 2014"]
[Site "Magdeburg GER"]
[Date "2014.06.14"]
[Round "11"]
[White "Pantsernaya, Sofya"]
[Black "Stockmann, Till"]
[Result "0-1"]
[Termination "normal"]
[Board "36"]
[WhiteElo "1320"]
[BlackElo "1162"]
[PlyCount "106"]
[WhiteFideId "12993182"]
[BlackFideId "12979341"]
[EventCountry "GER"]
[EventRounds "11"]
[EventType "swiss"]
[EventDate "2014.06.07"]

1. e4 e5 2. Nf3 Nc6 3. Bc4 Nf6 4. d3 Be7 5. O-O O-O 6. h3 d6 7. Re1 Be6 8. Bb3
Nd7 9. Be3 Re8 10. c3 Na5 11. Bc2 f5 12. exf5 Bxf5 13. b4 Nc6 14. Bb3+ Kh8 15.
d4 e4 16. Nh2 Nf6 17. Nd2 Qd7 18. Kh1 d5 19. Ndf1 Bd6 20. Bg5 Rf8 21. Ne3 Be6
22. Qe2 Ne7 23. Rf1 c6 24. f3 Nf5 25. Nxf5 Bxf5 26. Bxf6 Rxf6 27. fxe4 Bxe4 28.
Rxf6 gxf6 29. Ng4 Qg7 30. Rf1 f5 31. Ne5 Bxe5 32. dxe5 Qxe5 33. Rf3 Re8 34. Rf1
Qxc3 35. Kg1 Rg8 36. Bd1 Bxg2 37. Qxg2 Qxh3 38. Qxg8+ Kxg8 39. Bc2 f4 40. Re1
f3 41. Re8+ Kf7 42. Kf2 Kxe8 43. Ke3 Qg2 44. Bxh7 f2 45. Bd3 Qg3+ 46. Ke2 f1=Q+
47. Kxf1 Qxd3+ 48. Kg1 Qd2 49. a4 d4 50. b5 cxb5 51. axb5 Qe2 52. b6 a6 53. Kh1
d3 0-1

[Event "DEM U10/U10w 2014"]
[Site "Magdeburg GER"]
[Date "2014.06.14"]
[Round "11"]
[White "Diederich, Greta"]
[Black "Pahl, Theis"]
[Result "1-0"]
[Termination "normal"]
[Board "37"]
[WhiteElo "1036"]
[BlackElo "1311"]
[PlyCount "66"]
[WhiteFideId "12988618"]
[BlackFideId "16201264"]
[EventCountry "GER"]
[EventRounds "11"]
[EventType "swiss"]
[EventDate "2014.06.07"]

1. d4 Nf6 2. e3 g6 3. Bd3 Bg7 4. f4 O-O 5. Nf3 d6 6. c3 Nbd7 7. Nbd2 c6 8. O-O
Ne8 9. e4 e5 10. f5 g5 11. Nb3 g4 12. Ng5 h6 13. Qxg4 hxg5 14. Bxg5 Nef6 15.
Qg3 Re8 16. Bh6 Nh5 17. Qg4 Ndf6 18. Qg5 Nh7 19. Qxh5 Qf6 20. Bxg7 Qxg7 21. Rf3
Qf6 22. Rg3+ Kh8 23. Rf1 Rg8 24. Rxg8+ Kxg8 25. Rf3 Kh8 26. Rh3 Qg7 27. f6 Qg8
28. Rg3 Qf8 29. Rg7 Qxg7 30. fxg7+ Kxg7 31. Nd2 Nf6 32. Qg5+ Kf8 33. Qxf6 Be6
1-0

[Event "DEM U10/U10w 2014"]
[Site "Magdeburg GER"]
[Date "2014.06.14"]
[Round "11"]
[White "Morgenstern, Tobias"]
[Black "Rößl, Adam"]
[Result "1-0"]
[Termination "normal"]
[Board "38"]
[WhiteElo "1073"]
[BlackElo "1310"]
[PlyCount "57"]
[WhiteFideId "12974390"]
[BlackFideId "16246047"]
[EventCountry "GER"]
[EventRounds "11"]
[EventType "swiss"]
[EventDate "2014.06.07"]

1. e4 e5 2. Nf3 Nc6 3. Bc4 Nf6 4. Ng5 d5 5. exd5 Na5 6. Bb5+ c6 7. dxc6 bxc6 8.
Qf3 Bb7 9. Bd3 Qd5 10. Nc3 Qxf3 11. Nxf3 Bb4 12. Nxe5 O-O 13. O-O Rfe8 14. Nf3
Bc5 15. a3 a6 16. b4 Ba7 17. bxa5 Re7 18. Bb2 Rae8 19. Rae1 c5 20. Re2 c4 21.
Bxc4 Ng4 22. d4 Rxe2 23. Nxe2 Rd8 24. Ne5 Nxe5 25. dxe5 Rc8 26. Bb3 Rc6 27. Rd1
Rc8 28. e6 Kf8 29. Rd7 1-0

[Event "DEM U10/U10w 2014"]
[Site "Magdeburg GER"]
[Date "2014.06.14"]
[Round "11"]
[White "Hartmann, Katrin"]
[Black "Kunisch, Nina"]
[Result "0-1"]
[Termination "normal"]
[Board "39"]
[WhiteElo "1014"]
[BlackElo "1201"]
[PlyCount "162"]
[WhiteFideId "16200632"]
[BlackFideId "12982849"]
[EventCountry "GER"]
[EventRounds "11"]
[EventType "swiss"]
[EventDate "2014.06.07"]

1. e4 c6 2. Nf3 d5 3. exd5 cxd5 4. d4 Nc6 5. Nc3 Nf6 6. Bf4 Bg4 7. Nb5 Qa5+ 8.
c3 Rc8 9. Bd3 a6 10. Na3 e6 11. Qb3 b5 12. O-O Bxf3 13. gxf3 Be7 14. Rae1 O-O
15. Bg5 Qc7 16. Qc2 g6 17. Kh1 Ng4 18. fxg4 Bxg5 19. Rg1 Qb8 20. Rg3 Nxd4 21.
Qb1 Bh4 22. Rh3 Bxf2 23. Rf1 Nc6 24. Rxf2 Ne5 25. Be2 Qb7 26. Qc1 b4 27. Qh6 f6
28. cxb4 Rf7 29. g5 d4+ 30. Kg1 Rc1+ 31. Rf1 Rxf1+ 32. Bxf1 Nf3+ 33. Kf2 Nxg5
34. Rh4 Qf3+ 35. Ke1 Qe3+ 36. Kd1 Rc7 37. Nc4 Qg1 38. Nd2 Qe3 39. Rg4 Qe5 40.
h4 Qf5 41. Rxd4 Nf7 42. Qe3 e5 43. Rc4 Rd7 44. Rc8+ Kg7 45. Bxa6 Qe6 46. Qa3
Qg4+ 47. Kc2 Qf5+ 48. Kc1 Qf4 49. Qc3 e4 50. Bb5 Rd6 51. Kc2 e3 52. Nc4 Qf5+
53. Kb3 Qxc8 54. Nxd6 Nxd6 55. Qxc8 Nxc8 56. a4 Kf7 57. a5 Ke7 58. a6 Kd6 59.
Be2 Kc6 60. b5+ Kb6 61. Kc4 Nd6+ 62. Kd4 Nf5+ 63. Ke4 Nxh4 64. Kxe3 Nf5+ 65.
Kf3 Nd4+ 66. Ke3 Nxe2 67. Kxe2 h5 68. Kf3 h4 69. Kg4 g5 70. Kh3 f5 71. Kg2 g4
72. Kg1 h3 73. Kh2 f4 74. Kg1 g3 75. Kh1 f3 76. Kg1 h2+ 77. Kh1 f2 78. Kg2
h1=Q+ 79. Kxg3 f1=R 80. Kg4 Qg2+ 81. Kh4 Rh1# 0-1

[Event "DEM U10/U10w 2014"]
[Site "Magdeburg GER"]
[Date "2014.06.14"]
[Round "11"]
[White "Glinzner, Alva"]
[Black "Kiesel, Lara"]
[Result "0-1"]
[Termination "normal"]
[Board "40"]
[WhiteElo "1194"]
[BlackElo "893"]
[PlyCount "96"]
[WhiteFideId "16206169"]
[BlackFideId "12973785"]
[EventCountry "GER"]
[EventRounds "11"]
[EventType "swiss"]
[EventDate "2014.06.07"]

1. e4 e6 2. d4 d5 3. exd5 exd5 4. Bd3 Bd6 5. Nf3 Nf6 6. Bg5 O-O 7. O-O Bg4 8.
Nbd2 Nbd7 9. c3 c6 10. Qc2 Qc7 11. Rae1 Rfe8 12. Re2 Rxe2 13. Bxe2 h6 14. Be3
Nb6 15. b3 Re8 16. Bd3 Qe7 17. Qb1 Ne4 18. Re1 Nxc3 19. Qb2 Ne4 20. Qb1 Bb4 21.
a3 Bxa3 22. Qa1 a6 23. h3 Bd7 24. Nh2 Bb4 25. Qc1 Nxd2 26. Bxd2 Bxd2 27. Rxe7
Bxc1 28. Rxe8+ Bxe8 29. Kf1 Bf4 30. g3 Bd6 31. Ke2 Bd7 32. h4 Kf8 33. f4 g6 34.
Kf3 Bf5 35. Bf1 Bc2 36. g4 Bxb3 37. g5 hxg5 38. hxg5 a5 39. Be2 a4 40. Nf1 a3
41. Nd2 Bc4 42. Bxc4 Nxc4 43. Nb3 b5 44. Kg4 a2 45. Kf3 Na5 46. Na1 Ba3 47. Ke2
b4 48. Kd2 b3 0-1

[Event "DEM U10/U10w 2014"]
[Site "Magdeburg GER"]
[Date "2014.06.14"]
[Round "11"]
[White "Kalina, Lena"]
[Black "Neumann, Konstantina"]
[Result "0-1"]
[Termination "normal"]
[Board "41"]
[WhiteElo "781"]
[BlackElo "1183"]
[PlyCount "68"]
[WhiteFideId "12988014"]
[BlackFideId "16200543"]
[EventCountry "GER"]
[EventRounds "11"]
[EventType "swiss"]
[EventDate "2014.06.07"]

1. e4 e5 2. Nf3 Nc6 3. Bb5 Nf6 4. Nc3 d6 5. d4 Bd7 6. Bg5 Be7 7. O-O O-O 8. Qd2
Bg4 9. Bxc6 bxc6 10. Qe3 Nh5 11. h3 Bxf3 12. Qxf3 Bxg5 13. Qxh5 exd4 14. Ne2 c5
15. Ng3 Rb8 16. Rab1 d5 17. Rfd1 Re8 18. c3 dxe4 19. a3 e3 20. fxe3 Bxe3+ 21.
Kh1 d3 22. Qg4 d2 23. Nf5 g6 24. Nxe3 Rxe3 25. Qf4 Qd3 26. Ra1 Rbe8 27. Qf2 Re2
28. Qf1 R8e3 29. h4 f5 30. Kh2 f4 31. Kh1 f3 32. gxf3 Rxf3 33. Qxf3 Qxf3+ 34.
Kg1 Qg2# 0-1

[Event "DEM U10/U10w 2014"]
[Site "Magdeburg GER"]
[Date "2014.06.14"]
[Round "11"]
[White "Pflugradt, Natalie"]
[Black "Bossert, Moritz"]
[Result "1/2-1/2"]
[Termination "normal"]
[Board "42"]
[WhiteElo "1127"]
[BlackElo "953"]
[PlyCount "70"]
[WhiteFideId "16212444"]
[BlackFideId "16239946"]
[EventCountry "GER"]
[EventRounds "11"]
[EventType "swiss"]
[EventDate "2014.06.07"]

1. e4 e6 2. d3 d5 3. Nd2 c5 4. g3 Nc6 5. Bg2 Nf6 6. Ngf3 Bd6 7. e5 Nxe5 8. Nxe5
Bxe5 9. O-O O-O 10. Re1 Qc7 11. Nf1 Bd7 12. Qe2 Bd6 13. Bg5 Be7 14. h4 h6 15.
Bf4 Qb6 16. c3 Bd6 17. Bxd6 Qxd6 18. Nh2 e5 19. Qxe5 Qxe5 20. Rxe5 Rfe8 21.
Rae1 Kf8 22. Nf3 Ng4 23. R5e2 Bb5 24. Rxe8+ Rxe8 25. Rxe8+ Kxe8 26. d4 c4 27.
Nd2 Ke7 28. Bxd5 b6 29. Bxc4 Bxc4 30. Nxc4 Ke6 31. f4 Kd5 32. Nd2 Ne3 33. Kf2
Nd1+ 34. Kf3 Nxb2 35. Ke2 Na4 1/2-1/2

[Event "DEM U10/U10w 2014"]
[Site "Magdeburg GER"]
[Date "2014.06.14"]
[Round "11"]
[White "Basovskiy, Jana"]
[Black "Wiemann, Vanessa"]
[Result "1-0"]
[Termination "normal"]
[Board "43"]
[WhiteElo "1157"]
[BlackElo "1034"]
[PlyCount "135"]
[WhiteFideId "16208617"]
[BlackFideId "12942987"]
[EventCountry "GER"]
[EventRounds "11"]
[EventType "swiss"]
[EventDate "2014.06.07"]

1. e4 e5 2. Nf3 Nc6 3. Bc4 Bc5 4. c3 Nf6 5. d4 exd4 6. e5 Ng4 7. cxd4 Bb4+ 8.
Nc3 Bxc3+ 9. bxc3 d6 10. h3 Nh6 11. exd6 Qxd6 12. O-O Bf5 13. Re1+ Ne7 14. Qb3
Rb8 15. Bxh6 gxh6 16. Bxf7+ Kd8 17. Re3 Rf8 18. Rae1 Ng6 19. Re8+ Kd7 20. Rxf8
Rxf8 21. Bxg6 Qxg6 22. Nh4 Qf6 23. Nf3 Qg7 24. Nh4 Bxh3 25. Kh2 Qg4 26. Qd5+
Kc8 27. Re4 Qd7 28. Qxd7+ Kxd7 29. Kxh3 Rxf2 30. a4 Rc2 31. Re3 Ra2 32. Nf5
Rxa4 33. Re7+ Kd8 34. Rxh7 Ra3 35. Rxh6 Rxc3+ 36. Kh2 a5 37. g4 Rc2+ 38. Kh3 a4
39. g5 a3 40. Rh8+ Kd7 41. Ra8 a2 42. g6 Rc3+ 43. Kh4 Rc6 44. g7 Rg6 45. Kh5
Rg2 46. Rxa2 Rxa2 47. g8=Q Rh2+ 48. Nh4 b6 49. Qg7+ Kc6 50. Qg3 Rd2 51. Qc3+
Kb7 52. Qxd2 b5 53. Qh6 b4 54. Qd2 b3 55. Qb2 c6 56. Nf5 c5 57. Qxb3+ Kc6 58.
d5+ Kc7 59. Qb5 Kd8 60. Qc6 c4 61. Qd6+ Kc8 62. Qe7 c3 63. d6 Kb8 64. d7 Kb7
65. d8=Q+ Kc6 66. Qec7+ Kb5 67. Qdb8+ Ka4 68. Qca7# 1-0

[Event "DEM U10/U10w 2014"]
[Site "Magdeburg GER"]
[Date "2014.06.14"]
[Round "11"]
[White "Mirschel, Thaddeus"]
[Black "Schneider, Katharina"]
[Result "0-1"]
[Termination "normal"]
[Board "44"]
[WhiteElo "1094"]
[BlackElo "929"]
[PlyCount "126"]
[WhiteFideId "16277570"]
[BlackFideId "16200519"]
[EventCountry "GER"]
[EventRounds "11"]
[EventType "swiss"]
[EventDate "2014.06.07"]

1. e4 e5 2. Nf3 Nc6 3. Bc4 Bc5 4. O-O Nf6 5. Nc3 O-O 6. d3 d6 7. h3 h6 8. Be3
Bb6 9. Qd2 Nd4 10. Bxd4 exd4 11. Nb5 c5 12. Qf4 d5 13. Bxd5 Nxd5 14. exd5 Qxd5
15. Nc7 Bxc7 16. Qxc7 Be6 17. c4 Qc6 18. Qe7 Rfe8 19. Qh4 Bf5 20. Rad1 Qa4 21.
Qf4 Bg6 22. Ra1 Bxd3 23. b3 Qc6 24. Ne5 Rxe5 25. Qxe5 Bxf1 26. Rxf1 Re8 27. Qg3
b5 28. Rc1 bxc4 29. bxc4 Qa4 30. Qd6 Qa5 31. Kh2 Qd2 32. Qd7 Qxc1 33. Qxe8+ Kh7
34. Qe4+ g6 35. h4 Kg7 36. Qe5+ Kh7 37. Qe4 Qxc4 38. h5 Kg7 39. hxg6 fxg6 40.
Qe7+ Qf7 41. Qxc5 Qxa2 42. Qxd4+ Kh7 43. Qd7+ Kg8 44. Qe8+ Kg7 45. Qe5+ Kf7 46.
Qf4+ Kg7 47. Qc7+ Qf7 48. Qc6 Qf4+ 49. Kg1 a5 50. Qb7+ Qf7 51. Qb2+ Kh7 52. Qa2
Qxa2 53. Kh2 Qxf2 54. Kh1 a4 55. Kh2 a3 56. Kh1 a2 57. Kh2 Qf1 58. Kg3 a1=R 59.
Kh2 Qf4+ 60. g3 Ra2+ 61. Kh3 Qf5+ 62. g4 Ra3+ 63. Kh4 Qg5# 0-1

[Event "DEM U10/U10w 2014"]
[Site "Magdeburg GER"]
[Date "2014.06.14"]
[Round "11"]
[White "Ultsch, Paul"]
[Black "Fischer, Laura"]
[Result "0-1"]
[Termination "normal"]
[Board "45"]
[WhiteElo "1024"]
[BlackElo "1091"]
[PlyCount "102"]
[WhiteFideId "12955965"]
[BlackFideId "16208935"]
[EventCountry "GER"]
[EventRounds "11"]
[EventType "swiss"]
[EventDate "2014.06.07"]

1. e4 e5 2. Nf3 Nc6 3. Nc3 Nf6 4. Bc4 Bc5 5. d3 d6 6. Bg5 Be6 7. Nd5 h6 8.
Nxf6+ gxf6 9. Be3 Bxe3 10. fxe3 Bxc4 11. dxc4 Qe7 12. Qd5 O-O-O 13. O-O-O Qe6
14. Qxe6+ fxe6 15. Rd2 Rd7 16. Rhd1 Rhd8 17. Kb1 Ne7 18. Rd3 d5 19. cxd5 exd5
20. exd5 Rxd5 21. Rxd5 Nxd5 22. e4 Nc3+ 23. bxc3 Rxd1+ 24. Kb2 Rf1 25. Nh4 Rf4
26. Nf5 Rxe4 27. Nxh6 Rh4 28. Nf5 Rxh2 29. Kc1 Rxg2 30. Kd1 Kd7 31. Ne3 Rg1+
32. Kd2 Ra1 33. Kd3 Rxa2 34. Ke4 Ra4+ 35. Kf5 Rf4+ 36. Kg6 Ke6 37. Kh5 a5 38.
Kg6 a4 39. Kg7 a3 40. Kf8 a2 41. Ke8 a1=Q 42. Kd8 Qxc3 43. Ng2 Rd4+ 44. Kc8 Qa5
45. Kxb7 Rb4+ 46. Kc8 c5 47. Nf4+ Rxf4 48. Kb7 Rb4+ 49. Kc8 Qa8+ 50. Kc7 Qb7+
51. Kd8 Qb8# 0-1

[Event "DEM U10/U10w 2014"]
[Site "Magdeburg GER"]
[Date "2014.06.14"]
[Round "11"]
[White "Limbach, Anna-Lena"]
[Black "Kind, Swantje"]
[Result "1-0"]
[Termination "normal"]
[Board "46"]
[WhiteElo "1091"]
[BlackElo "938"]
[PlyCount "75"]
[WhiteFideId "12980412"]
[EventCountry "GER"]
[EventRounds "11"]
[EventType "swiss"]
[EventDate "2014.06.07"]

1. e4 e5 2. Nf3 Nc6 3. d4 exd4 4. Nxd4 Bc5 5. Be3 Qf6 6. c3 Nge7 7. Bc4 Ne5 8.
Bb3 c6 9. O-O d5 10. exd5 cxd5 11. Nb5 Bxe3 12. fxe3 Qb6 13. Nd4 O-O 14. Kh1
Bg4 15. Qd2 Qa6 16. Na3 Nc4 17. Nxc4 dxc4 18. Bc2 Rfe8 19. Qf2 Bh5 20. b3 Nd5
21. Bxh7+ Kxh7 22. Qf5+ Bg6 23. Qxd5 cxb3 24. axb3 Rxe3 25. Rxa6 Rae8 26. Raa1
Bd3 27. Rg1 Be4 28. Qg5 Rxc3 29. Qh5+ Kg8 30. Rae1 Rd3 31. Rgf1 Rxd4 32. Qxf7+
Kh7 33. Qh5+ Kg8 34. Qxe8+ Kh7 35. Rxe4 Rxe4 36. Qxe4+ g6 37. Rf7+ Kg8 38. Qe8#
1-0

[Event "DEM U10/U10w 2014"]
[Site "Magdeburg GER"]
[Date "2014.06.14"]
[Round "11"]
[White "Unbehend, Marius"]
[Black "Sulzbacher, Marijana"]
[Result "1-0"]
[Termination "normal"]
[Board "47"]
[WhiteElo "796"]
[BlackElo "1016"]
[PlyCount "125"]
[WhiteFideId "16214420"]
[BlackFideId "34658181"]
[EventCountry "GER"]
[EventRounds "11"]
[EventType "swiss"]
[EventDate "2014.06.07"]

1. e4 e5 2. Nf3 Nf6 3. Nxe5 d6 4. Nf3 Nxe4 5. Nc3 Bf5 6. d3 Nxc3 7. bxc3 Qf6 8.
Bd2 Nc6 9. Be2 Qg6 10. O-O Bh3 11. Ng5 Bd7 12. Re1 O-O-O 13. Bh5 Qf6 14. Nxf7
Re8 15. Rxe8+ Bxe8 16. Nxh8 g6 17. Bg4+ Bd7 18. Bxd7+ Kxd7 19. Qg4+ Qe6 20.
Qxe6+ Kxe6 21. Re1+ Kf6 22. Be3 b6 23. Bd4+ Nxd4 24. cxd4 Kg7 25. a4 Kxh8 26.
Rb1 Bg7 27. c3 d5 28. Rb4 Bh6 29. c4 Bd2 30. Rb1 dxc4 31. dxc4 Bc3 32. Rd1 c6
33. d5 cxd5 34. cxd5 Be5 35. d6 Bf6 36. d7 Bd8 37. Re1 Kg7 38. Re8 Bf6 39. d8=Q
Bxd8 40. Rxd8 a6 41. Ra8 a5 42. Ra6 h5 43. Rxb6 g5 44. Rb5 Kf6 45. f4 gxf4 46.
Rxh5 Kg6 47. Rxa5 Kf6 48. Rb5 Ke6 49. a5 Kd6 50. a6 Kc6 51. Rb3 f3 52. gxf3 Kd5
53. a7 Kc4 54. Rb7 Kd4 55. a8=Q Ke5 56. Qa4 Kd6 57. Qc4 Ke5 58. Rd7 Kf6 59. Qe4
Kg5 60. Rf7 Kh5 61. Qg4+ Kh6 62. Rf5 Kh7 63. Rh5# 1-0

[Event "DEM U10/U10w 2014"]
[Site "Magdeburg GER"]
[Date "2014.06.14"]
[Round "11"]
[White "Oyunbat, Oyunchimeg"]
[Black "Münch, Michelle"]
[Result "1-0"]
[Termination "normal"]
[Board "49"]
[WhiteElo "1043"]
[BlackElo "858"]
[PlyCount "77"]
[EventCountry "GER"]
[EventRounds "11"]
[EventType "swiss"]
[EventDate "2014.06.07"]

1. e4 e5 2. Nf3 Nc6 3. Bc4 Nf6 4. Ng5 d5 5. exd5 Na5 6. d3 Be7 7. h3 h6 8. Nf3
O-O 9. Nxe5 Bd6 10. Nf3 Bc5 11. O-O Bxh3 12. gxh3 c6 13. dxc6 bxc6 14. Nc3 Bb4
15. Bd2 Nd5 16. a3 Bc5 17. b4 Bb6 18. bxa5 Bc5 19. Re1 Qd6 20. Ne4 Qe6 21. Nxc5
Qxh3 22. Ne5 Rad8 23. d4 f6 24. Nxc6 Rd6 25. Re3 Qh4 26. Rd3 Rxc6 27. Bxd5+ Kh8
28. Bxc6 f5 29. d5 Rf6 30. Rb1 Rg6+ 31. Kf1 Qh1+ 32. Ke2 Qh5+ 33. Rf3 f4 34.
Bc3 Qh4 35. Qd3 Qe7+ 36. Kd2 Rxc6 37. Rb8+ Rc8 38. Rxc8+ Qf8 39. Rxf8# 1-0